[Event "NOR-chT Clubs"]
[Site "Drammen"]
[Date "2022.05.26"]
[Round "6"]
[White "Aure, Anders Nilsson"]
[Black "Hovden, Hans"]
[Result "1/2-1/2"]
[WhiteElo "1795"]
[BlackElo "1803"]
[PlyCount "60"]
[EventDate "2022.05.26"]
[EventType "team-swiss"]
[EventRounds "6"]
[EventCountry "NOR"]
[SourceTitle "EXT 2024"]
[Source "ChessBase"]
[SourceDate "2023.10.10"]
[SourceVersion "1"]
[SourceVersionDate "2023.10.10"]
[SourceQuality "1"]
[WhiteTeam "Konnerud Tempo"]
[BlackTeam "Kirkegata"]
[WhiteTeamCountry "NOR"]
[BlackTeamCountry "NOR"]

1. c4 f5 2. d4 e6 3. g3 d5 4. Bg2 Nf6 5. e3 c6 6. Ne2 Bd6 7. 0-0 0-0 8. b3 Nbd7 9. Ba3 Qe7 10. Bxd6 Qxd6 11. Nbc3 Ne4 12. Rc1 Ndf6 13. c5 Qe7 14. b4 Bd7 15. a4 a6 16. Rb1 Nxc3 17. Nxc3 Ne4 18. Qc2 e5 19. dxe5 Qxe5 20. Ne2 Rf6 21. Nd4 Rh6 22. b5 cxb5 23. axb5 axb5 24. Nxb5 Rc6 25. Bxe4 fxe4 26. Nd4 Rca6 27. Rxb7 Bh3 28. Rfb1 h6 29. c6 Ra2 30. R7b2 R2a7 1/2-1/2

[Event "NOR-chT Club"]
[Site "Bergen"]
[Date "2018.05.13"]
[Round "6.14"]
[White "Hovden, Hans"]
[Black "Lexander, Harald"]
[Result "0-1"]
[WhiteElo "1767"]
[BlackElo "1378"]
[PlyCount "50"]
[EventDate "2018.05.10"]
[EventType "team-swiss"]
[EventRounds "6"]
[EventCountry "NOR"]
[SourceTitle "EXT 2019"]
[Source "ChessBase"]
[SourceDate "2018.10.10"]
[SourceVersion "1"]
[SourceVersionDate "2018.10.10"]
[SourceQuality "1"]
[WhiteTeam "Kirkegata"]
[BlackTeam "Bergens IV"]
[WhiteTeamCountry "NOR"]
[BlackTeamCountry "NOR"]

1. c4 e6 2. Nc3 d5 3. cxd5 exd5 4. d4 Be7 5. g3 Nf6 6. Bg2 c6 7. Nf3 Bf5 8. 0-0 0-0 9. a3 a5 10. Bd2 Nbd7 11. Rc1 Re8 12. Na4 h6 13. b4 axb4 14. axb4 b5 15. Nc5 Nxc5 16. dxc5 Ne4 17. Nd4 Qd7 18. Nxf5 Qxf5 19. Qc2 Qe6 20. Bxe4 dxe4 21. Ra1 Bf6 22. Bc3 Qc4 23. Rxa8 Rxa8 24. Rc1 Ra2 25. Qb1 Qxe2 0-1

[Event "NOR-chT Clubs"]
[Site "Drammen"]
[Date "2010.10.09"]
[Round "4"]
[White "Hovden, Hans"]
[Black "Strand, Kjetil"]
[Result "0-1"]
[WhiteElo "1576"]
[BlackElo "1919"]
[PlyCount "68"]
[EventDate "2010.10.08"]
[EventType "team"]
[EventRounds "6"]
[EventCountry "NOR"]
[SourceTitle "EXT 2015"]
[Source "ChessBase"]
[SourceDate "2014.11.20"]
[SourceVersion "1"]
[SourceVersionDate "2014.11.20"]
[SourceQuality "1"]
[WhiteTeam "Kirkegata"]
[BlackTeam "Asker II"]
[WhiteTeamCountry "NOR"]
[BlackTeamCountry "NOR"]

1. c4 e5 2. Nc3 Nf6 3. Nf3 Nc6 4. e3 Bb4 5. Qc2 0-0 6. a3 Bxc3 7. Qxc3 Re8 8. b4 e4 9. Nd4 Ne5 10. Be2 d6 11. Bb2 c5 12. Nb3 b6 13. b5 Bg4 14. Bxg4 Nfxg4 15. h3 Nd3+ 16. Ke2 Nge5 17. Nc1 Nxb2 18. Qxb2 Qg5 19. Kf1 Re6 20. Qc2 Qf5 21. f4 h5 22. Ke2 Ng6 23. g3 Rd8 24. Nb3 d5 25. cxd5 Rxd5 26. Rag1 Red6 27. g4 Qd7 28. Qxe4 Qxb5+ 29. Kf3 Qxb3 30. Qe8+ Nf8 31. gxh5 Rxh5 32. h4 Qd5+ 33. e4 Qd3+ 34. Kg4 Qe2+ 0-1

[Event "NOR-chT Clubs"]
[Site "Drammen"]
[Date "2010.10.09"]
[Round "3.62"]
[White "Paulsen, Stig Atle"]
[Black "Hovden, Hans"]
[Result "1/2-1/2"]
[WhiteElo "1514"]
[BlackElo "1576"]
[PlyCount "48"]
[EventDate "2010.10.08"]
[EventType "team"]
[EventRounds "6"]
[EventCountry "NOR"]
[SourceTitle "EXT 2015"]
[Source "ChessBase"]
[SourceDate "2014.11.20"]
[SourceVersion "1"]
[SourceVersionDate "2014.11.20"]
[SourceQuality "1"]
[WhiteTeam "Modum"]
[BlackTeam "Kirkegata"]
[WhiteTeamCountry "NOR"]
[BlackTeamCountry "NOR"]

1. e4 e6 2. d4 d5 3. exd5 exd5 4. c4 c6 5. Nf3 Bg4 6. Be3 Nf6 7. Nbd2 Bd6 8. Bd3 0-0 9. 0-0 Nbd7 10. Qc2 Re8 11. Ng5 h6 12. Bh7+ Kf8 13. Nxf7 Kxf7 14. Qg6+ Kf8 15. Bxh6 gxh6 16. Qxh6+ Kf7 17. Bg6+ Kg8 18. f3 Be6 19. Rae1 Bf7 20. Bd3 Rxe1 21. Qg5+ Kf8 22. Qh6+ Kg8 23. Qg5+ Kf8 24. Qh6+ Kg8 1/2-1/2